| 000 | 00951cam a22002895a 4500 | ||
|---|---|---|---|
| 001 | 013829593 | ||
| 003 | OSt | ||
| 005 | 20160313154225.0 | ||
| 008 | 070822t2008 gw a frb 001 0 eng d | ||
| 020 | _a9783540739937 (hbk.) | ||
| 020 | _a3540739939 (hbk.) | ||
| 040 |
_aStDuBDS _beng _cStDuBDS _dUk _dEG-ScBUE |
||
| 082 | 0 | 4 |
_a660.2842 _222 _bKHU |
| 100 | 1 |
_aKhulbe, Kailash C. _939535 |
|
| 245 | 1 | 0 |
_aSynthetic polymeric membranes : _bcharacterization by atomic force microscopy / _cKailash C. Khulbe, C. Y. Feng, Takeshi Matsuura. |
| 260 |
_aBerlin : _bSpringer, _cc.2008. |
||
| 300 |
_axvii, 197 p. : _bill. ; _c24 cm. |
||
| 490 | 0 | _aSpringer laboratory. | |
| 500 | _aIndex : p. [193]-197. | ||
| 504 | _aInduces bibliographical references. | ||
| 650 | 0 |
_aMembranes (Technology) _2BUEsh _935944 |
|
| 650 | 7 |
_aInorganic polymers. _2BUEsh _939536 |
|
| 653 |
_bPPhrm _cMarch2016 |
||
| 700 | 1 | _aFeng, C. Y. | |
| 700 | 1 | _aMatsuura, T. | |
| 942 | _2ddc | ||
| 999 |
_c21390 _d21362 |
||